Melhores pilotos da F1 por pais (História) - Statistics

Estatísticas Gerais
  • Esse quiz foi jogado 107 vezes
  • A pontuação média é 11 de 15
Estatísticas das Respostas
Pais Resposta % Correto
Brasil Senna/Piquet/Fittipaldi/Massa/Barrichello
100%
Alemanha Schumacher/Vettel/Rosberg/Von Trips/Stuck
97%
Espanha Alonso/Marquez/Sainz/Portago/De la Rosa
95%
Reino Unido Hamilton/Surtees/Clark/Button/Coulthard
95%
Holanda Verstappen/Beaufort/Albers/Pon/Hayje
86%
França Prost/Jabouille/Cevert/Pescarolo/Alesi
85%
Finlândia Räikkönen/Häkkinen/Rosberg/Kovalainen/Bottas
85%
Argentina Fangio/Reutemann/Gonzalez/Colapinto
76%
Canadá Villeneuve/Stroll/Al Pease/Berg/Brack
71%
Áustria Rindt/Lauda/Wendlinger/Marko/Gartner
68%
Austrália Brabham/Jones/Webber/Ricciardo/Piastri
64%
Estados Unidos Andretti/Hill/Gurney/Cheever/Rossi
56%
Itália Ascari/Farina/Patrese/Trulli/Fisichella
54%
África do Sul Scheckter/Maggs/Johnstone/Lederle/Van der Vyver
32%
Nova Zelândia Hulme/McLaren/Amon/Shely/Ganley
25%
Nenhum quiz correspondente encontrado
Distribuição das Pontuações
Porcentagem de Pessoas com Cada Pontuação
Percentil de Números Respondidos
Sua Pontuação Histórica
Você não jogou esse quiz